00474 2200193 4500001002100000005001500021008004100036020002500077035001900102041000700121082001100128090001700139100001300156245002400169260003200193300002800225500001100253650001600264INLIS00000000000110020241224112303241224||||||||| | ||| |||| || |  aISBN 978-979-518-729 0010-1224001100 aid0 a370. 7 a370. 7 DAR e0 adaryanto00aEvaluasi Pendidikan aJakartabRineka Ciptac2014 aviii, 228 hlm.; 20,5 cm aCet. 8 0aIlmu Sosial